Dovolenka na zotavenie

Dovolenka na zotavenie sa kráti v príslušnom kalendárnom roku iba z dôvodov, ktoré vznikli v tomto kalendárnom roku. Náhrada mzdy za dovolenku.

Salvato in:
Dettagli Bibliografici
Autore principale: Jendrálová, Anna
Natura: Capitolo di libro
Lingua:slovacco
Soggetti:
Tags: Aggiungi Tag
Nessun Tag, puoi essere il primo ad aggiungerne!!

MARC

LEADER 00000naa a2200000 4500
001 r039486
005 20230925072336.6
041 0 |a slo 
044 |a SK 
245 1 0 |a Dovolenka na zotavenie  |c Anna Jendrálová 
520 |a Dovolenka na zotavenie sa kráti v príslušnom kalendárnom roku iba z dôvodov, ktoré vznikli v tomto kalendárnom roku. Náhrada mzdy za dovolenku. 
610 2 0 |a dovolenka 
610 2 0 |a zamestnanci 
610 2 0 |a zákonník práce 
610 2 0 |a pomer pracovný 
100 1 |a Jendrálová, Anna